000 00900nam a2200229Ia 4500
999 _c46843
_d46843
003 GCL
005 20240530104348.0
008 140319s1962 ua 000 0 ara d
040 _aGCL /
_cGCL
082 0 4 _a909/
_bم ف
100 1 _aمايرز, ج . ل
245 1 0 _aفجر التاريخ /
_cتاليف مايرز, ج . ل ؛ ترجمة على عزت الانصارى ؛ راجعة عبدالعزيز كامل
260 _aالقاهرة :
_bمركز كتب الشرق الاوسط،
_c1962.
300 _a237 ص. ؛
_e20 سم.
490 0 _aالالف كتاب ؛
_v410.
650 0 7 _2qrmak
_aالحضارة الاوربية
650 0 7 _2qrmak
_aالحضارة القديمة
650 0 7 _2qrmak
_aحضارة العراق القديمة
700 0 _aعلى عزت الانصارى
_eمترجم
700 0 _aعبدالعزيز عبد القادر كامل
_eمراجع
942 _2ddc
_cBK